000 01201ngm a22003130a 4500
001 PT41501
003 AR-LpoUNG
005 20210201235916.0
007 vd cvaizq
008 191001s1968||||ag |||||||||||||||||spa d
037 _c$11.25
040 _aAR-LpoUNG
_bspa
_cAR-LpoUNG
_eaacr
041 _aspa
_aita
044 _aag
082 0 _a305.52 283teo
100 1 _aPasolini, Pier Paolo
_edir.
245 1 0 _aTeorema
260 _aBuenos Aires :
_bBlackman,
_c1968.
300 _aDVD (100 min.) : son., col.
520 _aUna familia acomodada de Milán recibe un telegrama que incluye sólo dos palabras: -Arrivo domani- (Llego mañana). Al día siguiente, reciben la visita de un muchacho que sin más explicación se instala en la casa como un integrante más de la familia. Esta premisa, que otros directores han usado para crear historias de terror o para satirizar las costumbres de su época, le sirve a Pasolini como punto de partida para crear una de las obras maestras del cine religioso.
650 4 _aDRAMA
650 4 _aFAMILIA
650 4 _aRELACIONES HUMANAS
651 4 _aItalia
653 _aCINE ITALIANO
653 _aVIDEOS
905 _a41501
942 _cDVD
999 _c53757
_d53757